Este domingo (Registro nro. 12117)
[ vista simple ]
| 000 -ENCABEZADO | |
|---|---|
| Número de control [NR] | 00607nam a2200193Ia 4500 |
| 008 - DE LONGITUD FIJA DE DATOS DE ELEMENTOS - INFORMACIÓN GENERAL | |
| Elementos de longitud fija [NR] | 130821s1976 sp gr spa |
| 040 ## - FUENTE DE CATALOGACION [NR] | |
| Agencia de catalogación original [NR] | Co-BoUCM |
| Idioma de catalogación [NR] | spa |
| 041 ## - CODIGO DE IDIOMA [R] | |
| Código de idioma para texto/pista de sonido o título separado [R] | Español |
| 100 1# - ASIENTO PRINCIPAL--NOMBRE PERSONAL [NR] | |
| Nombre personal [NR] | Donoso, José |
| Fechas asociadas con el nombre [NR] | 1924- |
| ID Autoridad | 155755 |
| 245 10 - MENCION DE TITULO [NR] | |
| Título [NR] | Este domingo |
| Mención de responsabilidad, etc. [NR] | José Donoso. |
| 260 ## - PUBLICACION, DISTRIBUCION, ETC. (PIE DE IMPRENTA) [R] | |
| Lugar de publicación, distribución, etc. [R] | Barcelona (España) |
| Nombre del editor, distribuidor, etc. [R] | Seix Barral |
| Fecha de publicación, distribución, etc. [R] | 1976 |
| 300 ## - DESCRIPCION FISICA [R] | |
| Extensión [R] | 193 páginas |
| 490 #0 - MENCION DE SERIE [R] | |
| Mención de serie [R] | Biblioteca Breve. |
| Designación numérica/secuencial del volumen [NR] | 390 |
| Mención de serie [R] | Novela |
| 650 04 - ASIENTO SECUNDARIO DE MATERIA - TERMINO TEMATICO [R] | |
| Término temático o nombre geográfico como elemento de entrada [NR] | Literatura chilena |
| 9 (RLIN) | 18625 |
| 650 04 - ASIENTO SECUNDARIO DE MATERIA - TERMINO TEMATICO [R] | |
| Término temático o nombre geográfico como elemento de entrada [NR] | Literatura latinoamericana |
| 9 (RLIN) | 18700 |
| 650 04 - ASIENTO SECUNDARIO DE MATERIA - TERMINO TEMATICO [R] | |
| Término temático o nombre geográfico como elemento de entrada [NR] | Novela chilena |
| 9 (RLIN) | 20481 |
| 942 ## - ELEMENTOS DE ENTRADA AGREGADOS (KOHA) | |
| Tipo de ítem principal el descrito en 300a | Libro |
| Tema principal | Literatura |
| Edición | 1 |
| Prefijo de la signatura top. (colección) | Literatura - Chile |
| Parte restante de la signatura top. | D65e |
| Sistema de clasificación | DEWEY |
| Clasificación | 863 |
| Fecha de último préstamo | Total préstamos | Total Renewals | Signatura topográfica | Código de barras | Última vez visto | Ejemplar | Price effective from | Tipo de ítem | Perdido | Sistema de clasificación | Dañado | No prestable | Tipo de ítem específico | Suprimido | Ubicación habitual | Ubicación actual | Localización | Fecha de creación | Forma de adquisición | Costo |
|---|---|---|---|---|---|---|---|---|---|---|---|---|---|---|---|---|---|---|---|---|
| 27/05/2014 | 1 | 1 | CH 863 D65e | 100017558 | 11/12/2025 | Ej.1 | 03/02/2013 | Libro | DEWEY | Libro | Bodega | Bodega | 5to piso | 28/02/2003 | Compra | 266.00 |